[Event "Arequipa GP Peru Sur"]
[Site "Arequipa"]
[Date "2013.06.28"]
[Round "4"]
[White "Martinez Alcantara, Jose Eduardo"]
[Black "Oswaldo Valentin, Requejo Cotrin"]
[Result "1-0"]
[WhiteElo "2250"]
[BlackElo "2304"]
[PlyCount "139"]
[EventDate "2013.06.27"]
[EventType "swiss"]
[EventRounds "8"]
[EventCountry "PER"]
[SourceTitle "EXT 2018"]
[Source "ChessBase"]
[SourceDate "2017.10.13"]
[SourceVersion "1"]
[SourceVersionDate "2017.10.13"]
[SourceQuality "1"]

1. e4 c6 2. d4 d5 3. Nc3 dxe4 4. Nxe4 Nd7 5. Nf3 Ngf6 6. Ng3 e6 7. Bd3 c5 8. 0-0 cxd4 9. Nxd4 Bc5 10. c3 Bxd4 11. cxd4 0-0 12. Bg5 Qa5 13. Qd2 Qxd2 14. Bxd2 Nb6 15. Rac1 Bd7 16. Bb4 Rfc8 17. Bd6 Bc6 18. f3 Rd8 19. Be5 Nfd5 20. Ne2 f6 21. Bg3 Nb4 22. Bb1 Rac8 23. Nf4 Bd5 24. a3 Nc6 25. Nxd5 Nxd5 26. Bf2 Rc7 27. Rfe1 Kf7 28. Ba2 Rcd7 29. g3 Rd6 30. b4 Nc7 31. f4 f5 32. Rc5 Nd5 33. Rec1 Nce7 34. b5 R8d7 35. Kg2 Nf6 36. Rc7 Ned5 37. Rc8 Ne4 38. Bg1 Nb6 39. Rb8 Na4 40. d5 exd5 41. Bd4 Nb6 42. Be5 Re6 43. Rh8 h6 44. Bb3 Re8 45. Rxe8 Kxe8 46. a4 Nd2 47. Bc2 Nbc4 48. Bd4 Ne4 49. Bd1 b6 50. Bh5+ Kf8 51. Bg6 Ned6 52. Re1 Ne4 53. Bxf5 Re7 54. Bg4 Nf6 55. Be6 Nd6 56. f5 Nxf5 57. Bc3 Ne4 58. Bb4 Nc5 59. Bxf5 Rxe1 60. Bxe1 Nxa4 61. Be6 d4 62. Bb4+ Ke8 63. Kf3 Nc5 64. Bxc5 bxc5 65. Ke4 Ke7 66. Kd5 c4 67. Bf5 Kf6 68. Be4 Kg5 69. Kxd4 Kg4 70. Bg2 1-0

[Event "Arequipa GP Peru Sur"]
[Site "Arequipa"]
[Date "2013.06.27"]
[Round "1"]
[White "Oswaldo Valentin, Requejo Cotrin"]
[Black "Lazaro Cuevas, Ronald Anthony"]
[Result "1-0"]
[WhiteElo "2304"]
[BlackElo "1706"]
[PlyCount "39"]
[EventDate "2013.06.27"]
[EventType "swiss"]
[EventRounds "8"]
[EventCountry "PER"]
[SourceTitle "EXT 2018"]
[Source "ChessBase"]
[SourceDate "2017.10.13"]
[SourceVersion "1"]
[SourceVersionDate "2017.10.13"]
[SourceQuality "1"]

1. e4 c6 2. d4 d5 3. f3 dxe4 4. fxe4 e5 5. Nf3 exd4 6. Bc4 Bb4+ 7. c3 dxc3 8. Bxf7+ Ke7 9. Qxd8+ Kxd8 10. Nxc3 Bc5 11. Bg5+ Be7 12. 0-0-0+ Kc7 13. Bf4+ Kb6 14. Ne5 a5 15. Na4+ Ka6 16. Be3 Nh6 17. Kb1 Nxf7 18. Nxf7 Rf8 19. Nb6 Bg4 20. Nxa8 1-0

[Event "Arequipa GP Peru Sur"]
[Site "Arequipa"]
[Date "2013.06.27"]
[Round "2"]
[White "Sanchez Zambrano, Vanessa"]
[Black "Oswaldo Valentin, Requejo Cotrin"]
[Result "0-1"]
[WhiteElo "1927"]
[BlackElo "2304"]
[PlyCount "66"]
[EventDate "2013.06.27"]
[EventType "swiss"]
[EventRounds "8"]
[EventCountry "PER"]
[SourceTitle "EXT 2018"]
[Source "ChessBase"]
[SourceDate "2017.10.13"]
[SourceVersion "1"]
[SourceVersionDate "2017.10.13"]
[SourceQuality "1"]

1. d4 Nf6 2. c4 e6 3. Nc3 Bb4 4. f3 d5 5. e3 0-0 6. Bd3 dxc4 7. Bxc4 c5 8. Nge2 Qc7 9. Bd3 Nc6 10. a3 Bxc3+ 11. bxc3 e5 12. 0-0 cxd4 13. cxd4 exd4 14. exd4 Nd5 15. Qc2 h6 16. Bh7+ Kh8 17. Be4 Be6 18. Rb1 Rac8 19. Bd2 Qd7 20. Qb2 Nb6 21. Bf4 Bd5 22. Rfe1 Rfe8 23. Bd3 Ne7 24. Qd2 Nc4 25. Qb4 Nb6 26. Ng3 Bc4 27. Be4 Qxd4+ 28. Kh1 Ned5 29. Qd6 Rc6 30. Nf5 Rxd6 31. Nxd4 Nxf4 32. Nf5 Rdd8 33. Bxb7 Bd3 0-1

[Event "Lima GP IRT op"]
[Site "Lima"]
[Date "2013.??.??"]
[Round "5"]
[White "Oswaldo Valentin, Requejo Cotrin"]
[Black "Arias Gaviria, Mario Alexis"]
[Result "0-1"]
[WhiteElo "2314"]
[BlackElo "2159"]
[PlyCount "68"]
[EventDate "2013.08.21"]
[EventType "swiss"]
[EventRounds "9"]
[EventCountry "PER"]
[SourceTitle "CBM 156 Extra"]
[Source "ChessBase"]
[SourceDate "2013.10.22"]
[SourceVersion "1"]
[SourceVersionDate "2013.10.22"]
[SourceQuality "1"]

1. e4 c5 2. Nf3 d6 3. d4 cxd4 4. Nxd4 Nf6 5. Nc3 a6 6. Bg5 Nbd7 7. Qd2 b5 8. 0-0-0 Bb7 9. Nf5 Qa5 10. f3 h6 11. Bh4 g6 12. Ne3 Bg7 13. Kb1 Rc8 14. Bd3 Qb4 15. a3 Qc5 16. Bf2 Qc7 17. f4 Nc5 18. e5 dxe5 19. fxe5 Nfe4 20. Bxe4 Nxe4 21. Nxe4 Bxe4 22. Bg3 Qc6 23. Ka1 0-0 24. c3 a5 25. Nd5 Rfe8 26. Rhe1 Bf5 27. Qe3 Be6 28. Nf4 Bb3 29. Rd3 e6 30. Rd6 Qc7 31. Ne2 Bd5 32. Nd4 Qc4 33. b3 Qxc3+ 34. Qxc3 Rxc3 0-1